banner-ar

The treasures of the monastery of Saint Catherine \ (Record no. 63204)

MARC details
000 -الفاتح
حقل البيانات ثابتة الطول 00658nam a22002177a 4500
005 - وقت وتاريخ اخر تعامل مع التسجيلة
رقم الضبط 20240530110628.0
008 - عناصر البيانات ثابتة الطول - معلومات عامة
حقل البيانات ثابتة الطول 161221s2006 ua o g | 001 0 eng d
020 ## - الرقم الدولى المعيارى للكتب
الرقم الدولى المعيارى للكتاب 9789774249136
040 ## - مصدر الفهرسة
وكالة الفهرسة الأصلية EG-CaGPL
082 04 - رقم تصنيف ديوى العشرى
رقم الطبعة 21
رقم التصنيف 910.202
رقم المادة CC/R T
100 1# - المدخل الرئيسى - إسم شخصى
الإسم الشخصى Luce, Aralodo De
245 14 - بيان العنوان
العنوان The treasures of the monastery of Saint Catherine \
بيان المسئوليه,etc Araldo de Luce; text by Corinna Rossi
260 ## - PUBLICATION, DISTRIBUTION, ETC. (IMPRINT)
تاريخ النشر أو التوزيع 2006
300 ## - الوصف المادى
التعداد 208 pages :
تفاصيل ماديه اخرى للوعاء photos ;
أبعاد الوعاء 30cm.
650 #0 - المدخل الاضافى بالموضوع-مصطلح موضوعى
مصطلح موضوعي SAINT CATHERINE
التقسيم الفرعي العام history
650 #0 - المدخل الاضافى بالموضوع-مصطلح موضوعى
مصطلح موضوعي MOUNT SINAI
651 #0 - المدخل الاضافى بالموضوع - اسم جغرافى
الاسم الجغرافي EGYPT
651 #0 - المدخل الاضافى بالموضوع - اسم جغرافى
الاسم الجغرافي SINAI
700 1# - المدخل الاضافى - اسم شخصى
الإسم الشخصى Rossi, Corinna
الدور text
942 ## - عناصر المدخل الإضافي( كوها)
مصدر التصنيف او مخطط الترفيف Dewey Decimal Classification
Koha [default] item type كتاب
260 ## - PUBLICATION, DISTRIBUTION, ETC. (IMPRINT)
-- Cairo :
-- The American University in Cairo Press,
Holdings
حالة التراجع حالة الفقد حالة تلف ليس للاعارة المكان المؤقت الموقع الحالى موقع الترفيف تاريخ الاكتساب اجمالي اﻻعارات رقم الطلب الباركود تاريخ اخر مشاهدة تاريخ تفعيل السعر نوع وعاء كوها
        مكتبة القاهرة الكبرى مكتبة القاهرة الكبرى   01/10/2017   910.202 CC/R T 163173 01/10/2017 01/10/2017 كتاب

Powered By

EGPV